| 000 | 01220nam a22003371a 4500 | ||
|---|---|---|---|
| 001 | 711691 | ||
| 005 | 20140606020004.0 | ||
| 008 | 970319s1997 paua b 001 0 eng d | ||
| 010 | _a97060458 | ||
| 020 | _a1566765358 | ||
| 035 | _a(OCoLC)37207455 | ||
| 040 |
_aScU _cScU _dDLC |
||
| 042 | _alccopycat | ||
| 043 | _an-us--- | ||
| 050 | 0 | 0 |
_aLB 2806.36.F53 1997 _bLB 2806.36.F53 1997 |
| 100 | 1 | _aFlam, Samuel. | |
| 245 | 1 | 0 |
_aPublic schools, private enterprise : _bwhat you should know and do about privatization / _cSamuel Flam, William G. Keane. _h[Text] |
| 260 |
_aLancaster, Pa. _bTechnomic Pub. Co. _cc1997 |
||
| 300 |
_axiii, 178 p. : _bill. ; _c24 cm. |
||
| 504 | _aIncludes bibliographical references (p. 165-168) and index. | ||
| 650 | 0 |
_aPrivatization in education _zUnited States. |
|
| 650 | 0 |
_aPublic schools _zUnited States. |
|
| 700 | 1 | _aKeane, William G. | |
| 906 |
_a7 _bcbc _ccopycat _d2 _eopcn _f19 _gy-gencatlg |
||
| 920 | _a**LC HAS REQ'D # OF SHELF COPIES** | ||
| 922 | _aco | ||
| 991 |
_bc-GenColl _hLB2806.36 _i.F53 1997 _tCopy 1 _wBOOKS |
||
| 942 | 0 | 0 | _01 |
| 999 |
_c35477 _d35477 |
||